<?xml version="1.0" encoding="UTF-8"?>
<record
    xmlns:xsi="http://www.w3.org/2001/XMLSchema-instance"
    xsi:schemaLocation="http://www.loc.gov/MARC21/slim http://www.loc.gov/standards/marcxml/schema/MARC21slim.xsd"
    xmlns="http://www.loc.gov/MARC21/slim">

  <leader>03526nam a2200493 a 4500</leader>
  <controlfield tag="001">000028487</controlfield>
  <controlfield tag="003">DO-SdBNP</controlfield>
  <controlfield tag="005">20221004135543.0</controlfield>
  <controlfield tag="007">000028487</controlfield>
  <controlfield tag="008">110408t2010    dr a          001 0 spa d</controlfield>
  <datafield tag="020" ind1=" " ind2=" ">
    <subfield code="a">9789945074079</subfield>
  </datafield>
  <datafield tag="040" ind1=" " ind2=" ">
    <subfield code="a">BPMSU</subfield>
    <subfield code="b">spa</subfield>
    <subfield code="c">BPMSU</subfield>
  </datafield>
  <datafield tag="082" ind1=" " ind2=" ">
    <subfield code="a">325.246097293</subfield>
    <subfield code="b">S471e 2010</subfield>
    <subfield code="2">22</subfield>
  </datafield>
  <datafield tag="111" ind1="2" ind2=" ">
    <subfield code="a">Seminario internacional "El Exilio Republicano Espa&#xF1;ol en la Sociedad Dominicana"</subfield>
    <subfield code="d">(2010 : mar 4-5:</subfield>
    <subfield code="c">Santo Domingo, Rep&#xFA;blica Dominicana)</subfield>
  </datafield>
  <datafield tag="245" ind1="1" ind2="3">
    <subfield code="a">El exilio republicano espa&#xF1;ol en la sociedad dominicana /</subfield>
    <subfield code="c">Francisco Antonio Avelino ... [et al.] ; coordinadora Reina Rosario Fern&#xE1;ndez.</subfield>
  </datafield>
  <datafield tag="260" ind1=" " ind2=" ">
    <subfield code="a">Santo Domingo :</subfield>
    <subfield code="b">Archivo General de la Naci&#xF3;n ;</subfield>
    <subfield code="b">Academia Dominicana de la Historia,</subfield>
    <subfield code="c">2010.</subfield>
  </datafield>
  <datafield tag="300" ind1=" " ind2=" ">
    <subfield code="a">285 p. ;</subfield>
    <subfield code="c">23 cm.</subfield>
  </datafield>
  <datafield tag="490" ind1="0" ind2=" ">
    <subfield code="a">Archivo General de la Naci&#xF3;n</subfield>
    <subfield code="v">113</subfield>
  </datafield>
  <datafield tag="490" ind1="1" ind2=" ">
    <subfield code="a">Academia Dominicana de la Historia</subfield>
    <subfield code="v">89</subfield>
  </datafield>
  <datafield tag="500" ind1=" " ind2=" ">
    <subfield code="a">Colecci&#xF3;n conmemorativa del 70 aniversario del exilio republicano espa&#xF1;ol en la Rep&#xFA;blica Dominicana.</subfield>
  </datafield>
  <datafield tag="504" ind1=" " ind2=" ">
    <subfield code="a">Incluye referencias bibliogr&#xE1;ficas  y notas al pie de p&#xE1;ginas</subfield>
  </datafield>
  <datafield tag="505" ind1="0" ind2=" ">
    <subfield code="a">Presentaci&#xF3;n /</subfield>
    <subfield code="r">Reina C. Rosario Fern&#xE1;ndez --</subfield>
    <subfield code="t">Breves reflexiones acerca de la Guerra Civil Espa&#xF1;ola, 1936-1939 /</subfield>
    <subfield code="r">Francisco Antonio Avelino --</subfield>
    <subfield code="t">El accidente del vapor Cuba o los obscuros m&#xF3;viles de una pol&#xED;tica de inmigraci&#xF3;n en la Era de Trujillo /</subfield>
    <subfield code="r">Juan B. Alfonseca Giner de los R&#xED;os --</subfield>
    <subfield code="t">Influencia de los refugiados republicanos espa&#xF1;oles en la Universidad de Santo Domingo, 1940-1947 /</subfield>
    <subfield code="r">Constancio Cass&#xE1; Bernaldo de Quir&#xF3;s --</subfield>
    <subfield code="t">Las colonias de refugiados espa&#xF1;oles en la Rep&#xFA;blica Dominicana, 1939-1941 /</subfield>
    <subfield code="r">Natalia Gonz&#xE1;lez Tejera --</subfield>
    <subfield code="t">Arquitectos republicanos espa&#xF1;oles en Santo Domingo /</subfield>
    <subfield code="r">Omar Rancier --</subfield>
    <subfield code="t">Incidencia pol&#xED;tica de los republicanos espa&#xF1;oles en Rep&#xFA;blica Dominicana /</subfield>
    <subfield code="r">Roberto Cass&#xE1; Bernaldo de Quir&#xF3;s --</subfield>
    <subfield code="t">Las redes de un errante: republicanos espa&#xF1;oles en Santo Domingo, Puerto Rico y Cuba /</subfield>
    <subfield code="r">Consuelo Naranjo Orovio --</subfield>
    <subfield code="t">El exilio republicano espa&#xF1;oles y sus aportes a la modernidad en el arte dominicano /</subfield>
    <subfield code="r">Jeannette Miller --</subfield>
    <subfield code="t">Vicente Llorens Castillo /</subfield>
    <subfield code="r">Amadeo Juli&#xE1;n --</subfield>
    <subfield code="t">La emigraci&#xF3;n republicana espa&#xF1;ola: aportes a la Rep&#xFA;blica Dominicana /</subfield>
    <subfield code="r">Jos&#xE9; del Castillo,</subfield>
    <subfield code="r">Manuel Garc&#xED;a Ar&#xE9;valo --</subfield>
    <subfield code="g">Sobre los autores --</subfield>
    <subfield code="g">Anexo:</subfield>
    <subfield code="t">Programa del seminario internacional.</subfield>
  </datafield>
  <datafield tag="590" ind1=" " ind2=" ">
    <subfield code="6">Inventariado, 2022/VM</subfield>
  </datafield>
  <datafield tag="650" ind1=" " ind2="4">
    <subfield code="a">Expatriaci&#xF3;n </subfield>
    <subfield code="z">Espa&#xF1;a </subfield>
    <subfield code="x">Congresos, conferencias, etc. </subfield>
  </datafield>
  <datafield tag="650" ind1=" " ind2="4">
    <subfield code="a">Refugiados pol&#xED;ticos </subfield>
    <subfield code="x">Congresos, conferencias, etc. </subfield>
  </datafield>
  <datafield tag="651" ind1=" " ind2="4">
    <subfield code="a">Rep&#xFA;blica Dominicana </subfield>
    <subfield code="x">Historia </subfield>
    <subfield code="y">Era de Trujillo, 1930-1961</subfield>
  </datafield>
  <datafield tag="651" ind1=" " ind2="4">
    <subfield code="a">Rep&#xFA;blica Dominicana </subfield>
    <subfield code="x">Emigrac&#xED;on e  inmigraci&#xF3;n </subfield>
    <subfield code="x">Congresos, conferencias, etc. </subfield>
  </datafield>
  <datafield tag="651" ind1=" " ind2="4">
    <subfield code="a">Espa&#xF1;a </subfield>
    <subfield code="x">Emigraci&#xF3;n e  inmigraci&#xF3;n </subfield>
    <subfield code="x">Congresos, coferencias, etc . </subfield>
  </datafield>
  <datafield tag="651" ind1=" " ind2="4">
    <subfield code="a">Espa&#xF1;a </subfield>
    <subfield code="x">Historia </subfield>
    <subfield code="y">Guerra civil, 936-1939</subfield>
    <subfield code="x">Congresos, conferencias, etc.</subfield>
  </datafield>
  <datafield tag="700" ind1="1" ind2=" ">
    <subfield code="a">Avelino Garc&#xED;a, Francisco Antonio,</subfield>
    <subfield code="d">1935-</subfield>
  </datafield>
  <datafield tag="700" ind1="1" ind2=" ">
    <subfield code="a">Alfonseca Giner de los R&#xED;os, Juan Bernardo</subfield>
  </datafield>
  <datafield tag="700" ind1="1" ind2=" ">
    <subfield code="a">Cass&#xE1; Bernaldo de Quir&#xF3;s, Constancio,</subfield>
    <subfield code="d">1953-</subfield>
  </datafield>
  <datafield tag="700" ind1="1" ind2=" ">
    <subfield code="a">Gonz&#xE1;lez Tejera, Natalia,</subfield>
    <subfield code="d">1960-</subfield>
  </datafield>
  <datafield tag="700" ind1="1" ind2=" ">
    <subfield code="a">Rancier Vald&#xE9;z, Luis Omar,</subfield>
    <subfield code="d">1952-</subfield>
  </datafield>
  <datafield tag="700" ind1="1" ind2=" ">
    <subfield code="a">Cass&#xE1;, Roberto,</subfield>
    <subfield code="d">1948-</subfield>
  </datafield>
  <datafield tag="700" ind1="1" ind2=" ">
    <subfield code="a">Naranjo Olivo, Consuelo</subfield>
  </datafield>
  <datafield tag="700" ind1="1" ind2=" ">
    <subfield code="a">Miller, Jeannette,</subfield>
    <subfield code="d">1944-</subfield>
  </datafield>
  <datafield tag="700" ind1="1" ind2=" ">
    <subfield code="a">Juli&#xE1;n, Amadeo,</subfield>
    <subfield code="d">1943-</subfield>
  </datafield>
  <datafield tag="700" ind1="1" ind2=" ">
    <subfield code="a">Garc&#xED;a Ar&#xE9;valo, Manuel Antonio,</subfield>
    <subfield code="d">1948-</subfield>
  </datafield>
  <datafield tag="700" ind1="1" ind2=" ">
    <subfield code="a">Castillo Pichardo, Jos&#xE9; del,</subfield>
    <subfield code="d">1947-</subfield>
  </datafield>
  <datafield tag="700" ind1="1" ind2="2">
    <subfield code="a">Rosario Fern&#xE1;ndez, Reina,</subfield>
    <subfield code="e">coord.</subfield>
  </datafield>
  <datafield tag="910" ind1=" " ind2=" ">
    <subfield code="a">VMateo V./Validado. Control de calidad EMS.</subfield>
  </datafield>
  <datafield tag="942" ind1=" " ind2=" ">
    <subfield code="2">ddc</subfield>
    <subfield code="c">BK</subfield>
  </datafield>
  <datafield tag="952" ind1=" " ind2=" ">
    <subfield code="0">0</subfield>
    <subfield code="1">0</subfield>
    <subfield code="2">ddc</subfield>
    <subfield code="4">0</subfield>
    <subfield code="7">0</subfield>
    <subfield code="8">CD</subfield>
    <subfield code="a">BPMET</subfield>
    <subfield code="b">BPMET</subfield>
    <subfield code="d">2017-11-02</subfield>
    <subfield code="o">BPMSU CD 325.246097293 S471e 2010</subfield>
    <subfield code="p">BPMSU15110042</subfield>
    <subfield code="r">2015-11-04</subfield>
    <subfield code="w">2015-11-04</subfield>
    <subfield code="y">BK</subfield>
  </datafield>
  <datafield tag="952" ind1=" " ind2=" ">
    <subfield code="0">0</subfield>
    <subfield code="1">0</subfield>
    <subfield code="2">ddc</subfield>
    <subfield code="4">0</subfield>
    <subfield code="7">0</subfield>
    <subfield code="8">CD</subfield>
    <subfield code="a">BPMET</subfield>
    <subfield code="b">BPMET</subfield>
    <subfield code="d">2017-11-02</subfield>
    <subfield code="o">BPMSU CD 325.246097293 S471e 2010</subfield>
    <subfield code="p">BPMSU22040034</subfield>
    <subfield code="r">2022-04-25</subfield>
    <subfield code="t">e.2</subfield>
    <subfield code="w">2015-11-04</subfield>
    <subfield code="y">BK</subfield>
  </datafield>
  <datafield tag="999" ind1=" " ind2=" ">
    <subfield code="c">8538</subfield>
    <subfield code="d">8538</subfield>
  </datafield>
</record>
